[Event "Wood Green Invitational"]
[Site "Stafford"]
[Date "2021.08.23"]
[Round "9.5"]
[White "Turner, Matthew J"]
[Black "Greet, Andrew N"]
[Result "1/2-1/2"]
[WhiteElo "2509"]
[BlackElo "2417"]
[PlyCount "76"]
[EventDate "2021.08.19"]
[EventType "tourn"]
[EventRounds "9"]
[EventCountry "ENG"]
[EventCategory "7"]

1. d4 {[%emt 0:00:10]} Nf6 {[%emt 0:00:33]} 2. Nf3 {[%emt 0:00:21]} e6 {
[%emt 0:00:36]} 3. g3 {[%emt 0:00:07]} b5 {[%emt 0:00:43]} 4. Bg2 {[%emt 0:00:
23]} d5 {[%emt 0:00:26]} 5. Bg5 {[%emt 0:02:16]} Nbd7 {[%emt 0:04:13]} 6. Qd3 {
[%emt 0:05:13]} c5 {[%emt 0:05:58]} 7. Bxf6 {[%emt 0:09:49]} Nxf6 {[%emt 0:08:
23]} 8. dxc5 {[%emt 0:01:44]} Qa5+ {[%emt 0:05:43]} 9. Nbd2 {[%emt 0:06:41]}
Bxc5 {[%emt 0:00:20]} 10. O-O {[%emt 0:00:17]} O-O {[%emt 0:05:28]} 11. Nd4 {
[%emt 0:13:46]} Bxd4 {[%emt 0:08:32]} 12. Qxd4 {[%emt 0:00:18]} e5 {[%emt 0:01:
27]} 13. Nb3 {[%emt 0:04:39]} Qc7 {[%emt 0:00:20]} 14. Qc5 {[%emt 0:00:23]}
Qxc5 {[%emt 0:00:53]} 15. Nxc5 {[%emt 0:00:05]} Bg4 {[%emt 0:08:50]} 16. h3 {
[%emt 0:01:39]} Rfc8 {[%emt 0:02:45]} 17. b4 {[%emt 0:01:44]} Bxe2 {[%emt 0:00:
26]} 18. Rfe1 {[%emt 0:05:10]} Bc4 {[%emt 0:00:08]} 19. Rxe5 {[%emt 0:00:25]}
a5 {[%emt 0:00:33]} 20. Nd3 {[%emt 0:01:37]} axb4 {[%emt 0:26:26]} 21. Nxb4 {
[%emt 0:01:24]} Re8 {[%emt 0:00:36]} 22. Rxe8+ {[%emt 0:02:47]} Rxe8 {[%emt 0:
00:07]} 23. Rd1 {[%emt 0:01:23]} Rd8 {[%emt 0:00:35]} 24. a3 {[%emt 0:07:28]}
h5 {[%emt 0:01:53]} 25. Bf3 {[%emt 0:00:50]} Ra8 {[%emt 0:07:15]} 26. Nxd5 {
[%emt 0:08:50]} Nxd5 {[%emt 0:01:41]} 27. Bxd5 {[%emt 0:00:07]} Rxa3 {[%emt 0:
00:05]} 28. Bc6 {[%emt 0:01:15]} h4 {[%emt 0:02:40]} 29. Kg2 {[%emt 0:02:42]}
hxg3 {[%emt 0:00:06]} 30. fxg3 {[%emt 0:00:04]} g6 {[%emt 0:00:36]} 31. Rb1 {
[%emt 0:03:27]} Ra6 {[%emt 0:01:00]} 32. Be4 {[%emt 0:00:32]} Ra2 {[%emt 0:00:
29]} 33. Kf3 {[%emt 0:00:34]} Ra3+ {[%emt 0:00:14]} 34. Kf2 {[%emt 0:02:19]}
Kg7 {[%emt 0:01:21]} 35. h4 {[%emt 0:03:40]} Kf6 {[%emt 0:00:54]} 36. Bc6 {
[%emt 0:00:52]} Ra2 {[%emt 0:01:14]} 37. Bxb5 {[%emt 0:00:52]} Rxc2+ {[%emt 0:
00:08]} 38. Ke3 {[%emt 0:00:26]} Bxb5 {[%emt 0:00:43]} 1/2-1/2